[Event "Expo Milan Chess Move International"]
[Site "Milano ITA"]
[Date "2015.06.20"]
[Round "1"]
[White "Burani, Eugenio"]
[Black "Zoldan, Matteo"]
[WhiteElo "1828"]
[BlackElo "2155"]
[Result "0-1"]
[PlyCount "73"]
[EventDate "2015.06.20"]

1. e4 c5 2. Nf3 d6 3. d4 cxd4 4. Nxd4 Nf6 5. Nc3 g6 6. Be2 Bg7 7. Be3 a6 8. O-O
O-O 9. f4 Nc6 10. Nxc6 bxc6 11. g4 Rb8 12. g5 Nd7 13. Na4 c5 14. Rb1 Qa5 15. c3
Bb7 16. b4 Qc7 17. bxc5 Bxe4 18. cxd6 exd6 19. Rxb8 Rxb8 20. Bd4 Bb7 21. Bxg7
Kxg7 22. Qd4+ Kg8 23. Nb2 Re8 24. Bf3 Bxf3 25. Rxf3 Qb7 26. Re3 Rxe3 27. Qxe3
Qxb2 28. Qe8+ Nf8 29. Qa4 Qb5 30. Qd1 Qc5+ 31. Kg2 Ne6 32. Qf3 a5 33. h4 Kg7
34. Kg3 h5 35. gxh6+ Kxh6 36. Qh1 Qc4 37. Kg4 0-1

[Event "Expo Milan Chess Move International"]
[Site "Milano ITA"]
[Date "2015.06.20"]
[Round "1"]
[White "Dadello, Aleksandra"]
[Black "Carbone, Lorenzo"]
[WhiteElo "2068"]
[BlackElo "1596"]
[Result "1-0"]
[PlyCount "61"]
[EventDate "2015.06.20"]

1. e4 c5 2. Nf3 d6 3. d4 cxd4 4. Nxd4 Nf6 5. Nc3 a6 6. f3 e6 7. Be3 Be7 8. Qd2
Bd7 9. O-O-O Nc6 10. g4 h6 11. h4 Qa5 12. Bh3 Ne5 13. Kb1 Nc4 14. Qd3 Nxe3 15.
Qxe3 Rc8 16. g5 hxg5 17. hxg5 Nh5 18. f4 Qd8 19. g6 Rh6 20. gxf7+ Kxf7 21. f5
e5 22. Ne6 Qh8 23. Nd5 Nf6 24. Nxe7 Kxe7 25. Rxd6 Nxe4 26. Rxd7+ Kxd7 27. Qxe4
Rc6 28. Rd1+ Ke7 29. Bg2 Rh4 30. Qxe5 g5 31. Ng7+ 1-0

[Event "Expo Milan Chess Move International"]
[Site "Milano ITA"]
[Date "2015.06.20"]
[Round "1"]
[White "Radionov, Deni"]
[Black "Nicolo', Filippo"]
[WhiteElo "1461"]
[BlackElo "2023"]
[Result "0-1"]
[PlyCount "44"]
[EventDate "2015.06.20"]

1. e4 e6 2. d4 d5 3. e5 c5 4. c3 Qb6 5. Nf3 Nc6 6. Be2 f6 7. exf6 Nxf6 8. O-O
Bd6 9. dxc5 Bxc5 10. Qb3 Qc7 11. Bg5 O-O 12. Bh4 Kh8 13. Bg3 e5 14. Bb5 Bd6 15.
Nbd2 a6 16. Be2 Bg4 17. h3 e4 18. Bxd6 Qxd6 19. hxg4 Nxg4 20. g3 e3 21. fxe3
Qxg3+ 22. Kh1 Rf6 0-1

[Event "Expo Milan Chess Move International"]
[Site "Milano ITA"]
[Date "2015.06.20"]
[Round "1"]
[White "Ravagnani, Tiziano"]
[Black "Costisanu, Romica"]
[WhiteElo "1933"]
[BlackElo "1427"]
[Result "1-0"]
[PlyCount "103"]
[EventDate "2015.06.20"]

1. e4 e5 2. Nf3 Nc6 3. Bb5 Nd4 4. Nxd4 exd4 5. O-O c6 6. Bc4 b5 7. Bb3 Qh4 8.
Qf3 Nf6 9. e5 Ng4 10. Qxf7+ Kd8 11. Qf4 g5 12. Qg3 Qxg3 13. hxg3 Nxe5 14. d3 h6
15. f4 Ng4 16. fxg5 hxg5 17. Bxg5+ Kc7 18. Nd2 d5 19. a4 b4 20. Rae1 Bd6 21.
Rf7+ Kb6 22. Bf4 Bxf4 23. gxf4 Ne3 24. Nf1 Ng4 25. Ree7 a5 26. Nd2 Ne3 27. Nf3
Rg8 28. Rg7 Rxg7 29. Rxg7 Nf5 30. Rg8 Kc7 31. g4 Ne3 32. f5 Rb8 33. Nxd4 Bd7
34. Rg7 Kd6 35. Rg6+ Ke5 36. Ne2 Rh8 37. Kf2 Nxg4+ 38. Rxg4 Bxf5 39. Rg7 Rh2+
40. Ke3 Rh3+ 41. Rg3 d4+ 42. Kf3 Rh1 43. Rg7 Rf1+ 44. Kg2 Re1 45. Ng3 Rd1 46.
Rg5 Rd2+ 47. Kf3 c5 48. Rxf5+ Kd6 49. Ne4+ Kc6 50. Nxd2 Kd6 51. Ke4 Kc6 52.
Rf6+ 1-0

[Event "Expo Milan Chess Move International"]
[Site "Milano ITA"]
[Date "2015.06.20"]
[Round "1"]
[White "Ricciardi, Arcangelo"]
[Black "D'Avino, Gianfranco"]
[WhiteElo "1786"]
[BlackElo "2102"]
[Result "1-0"]
[PlyCount "51"]
[EventDate "2015.06.20"]

1. e4 e6 2. d4 d5 3. Nc3 Bb4 4. Bd2 dxe4 5. Nxe4 Qxd4 6. Nc3 Nf6 7. Nf3 Qd8 8.
Bd3 O-O 9. O-O b6 10. Ne4 Bxd2 11. Qxd2 Bb7 12. Nxf6+ Qxf6 13. Ng5 g6 14. b3
Rd8 15. Qe3 Nd7 16. Qg3 Nc5 17. h4 h6 18. Nh3 Nxd3 19. cxd3 Qf5 20. Rfd1 Rd4
21. f4 Rad8 22. Rac1 Rxd3 23. Rxd3 Rxd3 24. Qf2 Qg4 25. Kh2 Rg3 26. Qxg3 1-0

[Event "Expo Milan Chess Move International"]
[Site "Milano ITA"]
[Date "2015.06.20"]
[Round "1"]
[White "Salvador, Roland"]
[Black "Radionov, Timur"]
[WhiteElo "2440"]
[BlackElo "1884"]
[Result "1-0"]
[PlyCount "75"]
[EventDate "2015.06.20"]

1. d4 Nf6 2. Nf3 g6 3. c4 c5 4. d5 b5 5. g3 d6 6. Bg2 Bg7 7. O-O O-O 8. cxb5 a6
9. Nc3 Bb7 10. bxa6 Nxa6 11. Nd2 Nb4 12. Nc4 Nd7 13. Bg5 h6 14. Be3 Ba6 15. Nd2
Nb6 16. a3 Bxc3 17. axb4 Bxb4 18. Bxh6 Re8 19. h4 Bc4 20. Nxc4 Nxc4 21. Rxa8
Qxa8 22. h5 Ne5 23. hxg6 Nxg6 24. e3 Qa2 25. f4 Qxb2 26. f5 Nf8 27. Qg4+ Kh8
28. f6 Ng6 29. Bg7+ Kg8 30. Qxg6 Qxf6 31. Bxf6+ fxg6 32. Bg5 c4 33. Rf4 Be1 34.
Kh2 c3 35. Bh3 Rb8 36. Be6+ Kh8 37. Rh4+ Kg7 38. Bh6+ 1-0

[Event "Expo Milan Chess Move International"]
[Site "Milano ITA"]
[Date "2015.06.20"]
[Round "1"]
[White "Siraco, Maurizio"]
[Black "Villalba, Fernando"]
[WhiteElo "2138"]
[BlackElo "1811"]
[Result "1-0"]
[PlyCount "127"]
[EventDate "2015.06.20"]

1. e4 c5 2. Nf3 Nc6 3. d4 cxd4 4. Nxd4 g6 5. Nc3 Bg7 6. Be3 Nf6 7. Bc4 O-O 8.
Bb3 a5 9. f3 d5 10. exd5 Nb4 11. O-O Nbxd5 12. Nxd5 Nxd5 13. Bxd5 Qxd5 14. c3
e5 15. Qb3 Rd8 16. c4 Qd7 17. Nb5 Qc6 18. Rac1 Be6 19. Qc2 Bf5 20. Qf2 Rd3 21.
Rfe1 Rad8 22. b3 Bf8 23. g4 Be6 24. Na7 Qd7 25. Bb6 Rb8 26. Rxe5 Bb4 27. Re2 a4
28. Rb1 axb3 29. Rxb3 Rd1+ 30. Kg2 Bf8 31. Rc3 Bg7 32. Rcc2 Bh6 33. Qg3 Rd2 34.
Qe5 Bg7 35. Qe3 Bd4 36. Bxd4 Qxd4 37. Qxd4 Rxd4 38. Nb5 Rd7 39. c5 Rbd8 40. Kg3
Rd3 41. Nd6 Bd5 42. Rf2 Bc6 43. Nc4 Re8 44. h4 Re1 45. Na5 Bd5 46. Rcd2 Ree3
47. Rxd3 Rxd3 48. Kf4 f6 49. g5 Ra3 50. Nb3 fxg5+ 51. hxg5 Bxb3 52. axb3 Rxb3
53. Ke5 Kf7 54. Kd6 Rd3+ 55. Ke5 Rb3 56. f4 Ke7 57. Rh2 Kd7 58. Rxh7+ Kc6 59.
Kf6 Kxc5 60. Kxg6 Rf3 61. f5 b5 62. Rb7 Kc6 63. Rb8 Rd3 64. f6 1-0

[Event "Expo Milan Chess Move International"]
[Site "Milano ITA"]
[Date "2015.06.21"]
[Round "2"]
[White "Carbone, Lorenzo"]
[Black "Burani, Eugenio"]
[WhiteElo "1596"]
[BlackElo "1828"]
[Result "1/2-1/2"]
[PlyCount "91"]
[EventDate "2015.06.20"]

1. e4 c5 2. Nf3 Nc6 3. d4 cxd4 4. Nxd4 e5 5. Nb5 d6 6. N1c3 a6 7. Na3 b5 8. Nd5
Nf6 9. Bg5 Be7 10. Nxf6+ Bxf6 11. Bxf6 Qxf6 12. Be2 O-O 13. O-O Bb7 14. c3 Ne7
15. Bf3 Rfd8 16. Qe2 d5 17. Rfe1 Ng6 18. exd5 Bxd5 19. Bxd5 Rxd5 20. Rad1 Rad8
21. g3 Qg5 22. Rxd5 Rxd5 23. Qe4 Rd2 24. Qa8+ Nf8 25. Qxa6 Rxb2 26. Nxb5 Qd2
27. Rf1 Rxa2 28. Qc8 e4 29. Qe8 Qd3 30. Nd4 Qxc3 31. Nf5 g6 32. Nd6 Qf6 33.
Nxe4 Qe6 34. Qxe6 Nxe6 35. Rd1 f5 36. Nc3 Rc2 37. Nd5 Ng5 38. Rf1 Ra2 39. Ne3
Ne6 40. Re1 Nc5 41. Nc4 Rc2 42. Nd6 Nd3 43. Rf1 f4 44. Kg2 g5 45. Ne4 h6 46.
Rd1 1/2-1/2

[Event "Expo Milan Chess Move International"]
[Site "Milano ITA"]
[Date "2015.06.21"]
[Round "2"]
[White "D'Avino, Gianfranco"]
[Black "Villalba, Fernando"]
[WhiteElo "2102"]
[BlackElo "1811"]
[Result "1-0"]
[PlyCount "105"]
[EventDate "2015.06.20"]

1. d4 d5 2. c4 c6 3. Nf3 g6 4. g3 Bg7 5. cxd5 Qxd5 6. Bg2 Qd8 7. O-O Nf6 8. Nc3
O-O 9. e4 Bg4 10. h3 Bc8 11. Be3 Na6 12. Qe2 Be6 13. Ng5 Bc8 14. Rfd1 h6 15.
Nf3 e6 16. Ne5 Nb8 17. Rd2 Nfd7 18. f4 Qe7 19. Qc4 Nb6 20. Qb3 N8d7 21. Rad1
Rd8 22. a4 Nf8 23. a5 Nbd7 24. Bf2 Nxe5 25. dxe5 Rxd2 26. Rxd2 g5 27. Na4 gxf4
28. gxf4 Nd7 29. Rd3 Kh7 30. Rg3 f6 31. exf6 Qxf6 32. Qe3 b5 33. e5 Qf8 34.
Bxc6 Rb8 35. Nc3 b4 36. Ne2 Nxe5 37. fxe5 Ba6 38. Nd4 Qe7 39. Qe4+ Kh8 40. Qg6
Bxe5 41. Qxh6+ Qh7 42. Qxh7+ Kxh7 43. Be4+ Kh8 44. Rg5 Rg8 45. Rxg8+ Kxg8 46.
Nc6 Bxb2 47. Nxb4 Bc4 48. Bxa7 Bc3 49. Bc5 Kf7 50. Kf2 Kf6 51. Ke3 e5 52. Bd3
Be6 53. a6 1-0

[Event "Expo Milan Chess Move International"]
[Site "Milano ITA"]
[Date "2015.06.21"]
[Round "2"]
[White "Dadello, Aleksandra"]
[Black "Salvador, Roland"]
[WhiteElo "2068"]
[BlackElo "2440"]
[Result "1-0"]
[PlyCount "59"]
[EventDate "2015.06.20"]

1. e4 c6 2. d4 d5 3. Nc3 dxe4 4. Nxe4 Nd7 5. Nf3 Ngf6 6. Nxf6+ Nxf6 7. Bd3 Bg4
8. c3 Qc7 9. h3 Bh5 10. Qe2 O-O-O 11. Bd2 e6 12. O-O-O c5 13. dxc5 Qa5 14. c6
Qxa2 15. cxb7+ Kxb7 16. Bb1 Qa4 17. Bg5 Bc5 18. g4 Bg6 19. Ne5 Bxb1 20. Kxb1
Rxd1+ 21. Rxd1 Nd5 22. Qf3 Kb8 23. c4 f6 24. cxd5 fxe5 25. dxe6 Rf8 26. Qd5
Rxf2 27. Qd8+ Kb7 28. Qd7+ Qxd7 29. exd7 Bb6 30. Be3 1-0

[Event "Expo Milan Chess Move International"]
[Site "Milano ITA"]
[Date "2015.06.21"]
[Round "2"]
[White "Radionov, Timur"]
[Black "Radionov, Deni"]
[WhiteElo "1884"]
[BlackElo "1461"]
[Result "1-0"]
[PlyCount "73"]
[EventDate "2015.06.20"]

1. e4 e5 2. Nf3 Nc6 3. d4 exd4 4. Bc4 Bc5 5. c3 Nf6 6. cxd4 Bb4+ 7. Bd2 Bxd2+
8. Nbxd2 d5 9. exd5 Nxd5 10. O-O O-O 11. Rc1 Nb6 12. Bb3 Bg4 13. h3 Bh5 14. Rc5
Bg6 15. Qc1 Nxd4 16. Nxd4 Qxd4 17. Nf3 Qd8 18. Rd1 Qe8 19. Rxc7 Rc8 20. Rxc8
Qxc8 21. Ne5 Qxc1 22. Rxc1 Rc8 23. Rxc8+ Nxc8 24. Nxg6 hxg6 25. Kf1 Kf8 26. Ke2
f6 27. Kd3 Ke7 28. Bd5 b6 29. Kd4 Kd6 30. Bb7 Ne7 31. g4 Nc6+ 32. Bxc6 Kxc6 33.
g5 fxg5 34. Ke5 Kd7 35. Kd5 a5 36. a4 Ke7 37. Kc6 1-0

[Event "Expo Milan Chess Move International"]
[Site "Milano ITA"]
[Date "2015.06.21"]
[Round "2"]
[White "Zoldan, Matteo"]
[Black "Ravagnani, Tiziano"]
[WhiteElo "2155"]
[BlackElo "1933"]
[Result "1-0"]
[PlyCount "51"]
[EventDate "2015.06.20"]

1. c4 Nf6 2. Nc3 g6 3. e4 d6 4. d4 c5 5. dxc5 Qa5 6. cxd6 exd6 7. Bd2 Bg7 8.
Bd3 Nc6 9. Nge2 Ne5 10. Qb1 O-O 11. O-O Nfg4 12. h3 Nxd3 13. Qxd3 Ne5 14. Qd5
Qd8 15. b3 Be6 16. Qxb7 Bxh3 17. f4 Qh4 18. fxe5 Bxe5 19. gxh3 Qxh3 20. Rf2 h5
21. Raf1 h4 22. Bf4 Bxc3 23. Nxc3 Qxc3 24. Bxd6 g5 25. Qd5 Qe3 26. Bc5 1-0

[Event "Expo Milan Chess Move International"]
[Site "Milano ITA"]
[Date "2015.06.22"]
[Round "3"]
[White "Costisanu, Romica"]
[Black "D'Avino, Gianfranco"]
[WhiteElo "1427"]
[BlackElo "2102"]
[Result "0-1"]
[PlyCount "72"]
[EventDate "2015.06.20"]

1. e4 e6 2. a3 d5 3. e5 c5 4. c4 Nc6 5. Nf3 Nge7 6. Qa4 dxc4 7. Bxc4 Nd5 8. d4
Nb6 9. Qb3 Nxc4 10. Qxc4 cxd4 11. O-O Be7 12. b4 Bd7 13. Bb2 Rc8 14. Qd3 Qb6
15. Bxd4 Nxd4 16. Qxd4 Qxd4 17. Nxd4 O-O 18. Nd2 Rfd8 19. N2f3 Rc3 20. Rfc1
Rdc8 21. Rxc3 Rxc3 22. h4 f6 23. g3 Rd3 24. Re1 fxe5 25. Rxe5 Bf6 26. Rxe6 Bxe6
27. Nxe6 Rxf3 28. a4 b6 29. Nc7 Ra3 30. a5 bxa5 31. Nb5 Ra1+ 32. Kg2 axb4 33.
g4 b3 34. g5 b2 35. gxf6 b1=Q 36. f7+ Kf8 0-1

[Event "Expo Milan Chess Move International"]
[Site "Milano ITA"]
[Date "2015.06.22"]
[Round "3"]
[White "Nicolo', Filippo"]
[Black "Dadello, Aleksandra"]
[WhiteElo "2023"]
[BlackElo "2068"]
[Result "1-0"]
[PlyCount "143"]
[EventDate "2015.06.20"]

1. e4 e6 2. d4 d5 3. exd5 exd5 4. c4 Nf6 5. Nc3 Be7 6. cxd5 Nxd5 7. Bd3 Nc6 8.
Nf3 Be6 9. O-O Qd7 10. a3 O-O-O 11. Bb5 f6 12. Re1 Rhe8 13. Be3 g5 14. Rc1 g4
15. Nd2 Nxe3 16. fxe3 f5 17. Qa4 Kb8 18. Nc4 Bxc4 19. Qxc4 Bg5 20. d5 Bxe3+ 21.
Rxe3 Rxe3 22. dxc6 Qd2 23. Rf1 Re1 24. Qc5 f4 25. Be2 f3 26. Qb5 Qe3+ 27. Kh1
fxg2+ 28. Kxg2 Qh3+ 29. Kh1 b6 30. Qa6 Rxf1+ 31. Bxf1 Qf3+ 32. Bg2 Rd1+ 33.
Nxd1 Qxd1+ 34. Qf1 Qd8 35. Qe2 a5 36. Qxg4 Qd2 37. h3 Qxb2 38. Qg8+ Ka7 39. Qg3
Kb8 40. Kh2 Qc1 41. Qg8+ Ka7 42. Qg7 Kb8 43. Qf6 Qd2 44. Qf8+ Ka7 45. Qe7 Kb8
46. Kg3 h6 47. Bf3 h5 48. Bxh5 Qd3+ 49. Bf3 Qg6+ 50. Kf4 Qh6+ 51. Qg5 Qd6+ 52.
Qe5 Qxa3 53. h4 Qc1+ 54. Kg4 a4 55. Qe8+ Ka7 56. Qc8 Qg1+ 57. Kf4 Qd4+ 58. Be4
Qf2+ 59. Ke5 Qg3+ 60. Ke6 Qg4+ 61. Bf5 Qc4+ 62. Kd7 Qd5+ 63. Kxc7 Qe5+ 64. Kd8
Qh8+ 65. Ke7 Qxh4+ 66. Kf7 Qh5+ 67. Bg6 Qd5+ 68. Qe6 Qf3+ 69. Ke8 Qg3 70. Qd7+
Ka6 71. Qd3+ Qxd3 72. Bxd3+ 1-0

[Event "Expo Milan Chess Move International"]
[Site "Milano ITA"]
[Date "2015.06.22"]
[Round "3"]
[White "Radionov, Deni"]
[Black "Carbone, Lorenzo"]
[WhiteElo "1461"]
[BlackElo "1596"]
[Result "0-1"]
[PlyCount "62"]
[EventDate "2015.06.20"]

1. e4 c5 2. Nc3 Nc6 3. g3 e6 4. Bg2 Nf6 5. Nge2 d5 6. d4 cxd4 7. Nxd4 dxe4 8.
Nxc6 Qxd1+ 9. Kxd1 bxc6 10. Nxe4 Nxe4 11. Bxe4 Bb7 12. b3 Bc5 13. Ke2 O-O 14.
Be3 Bxe3 15. Kxe3 Rad8 16. Rhd1 f5 17. Bf3 e5 18. Be2 c5 19. Bc4+ Kh8 20. Rd2
Rxd2 21. Kxd2 Rd8+ 22. Ke2 g5 23. Rd1 Bf3+ 24. Kxf3 Rxd1 25. Be6 f4 26. gxf4
exf4 27. Kg4 h6 28. h4 Re1 29. Bf5 Rg1+ 30. Kh5 Kg7 31. hxg5 Rxg5+ 0-1

[Event "Expo Milan Chess Move International"]
[Site "Milano ITA"]
[Date "2015.06.22"]
[Round "3"]
[White "Ravagnani, Tiziano"]
[Black "Radionov, Timur"]
[WhiteElo "1933"]
[BlackElo "1884"]
[Result "0-1"]
[PlyCount "88"]
[EventDate "2015.06.20"]

1. e4 e5 2. Nf3 Nc6 3. d4 exd4 4. Nxd4 Bb4+ 5. c3 Bc5 6. Be3 Bb6 7. Na3 Nf6 8.
Nxc6 bxc6 9. Qf3 O-O 10. Nc4 d5 11. e5 Ng4 12. h3 Nxe3 13. Nxe3 Qe7 14. Bd3 d4
15. Ng4 f5 16. O-O-O fxg4 17. Bxh7+ Kxh7 18. hxg4+ Kg8 19. Qe4 Qg5+ 20. Kb1 Bf5
21. gxf5 Qxf5 22. Rh4 Qxe4+ 23. Rxe4 dxc3 24. f4 Rfd8 25. Rxd8+ Rxd8 26. bxc3
Rd3 27. Kc2 Re3 28. Rxe3 Bxe3 29. f5 Bf4 30. e6 Be5 31. Kd3 g6 32. g4 gxf5 33.
gxf5 Kf8 34. Kc4 Ke7 35. Kc5 Bxc3 36. Kxc6 Ba5 37. a3 Bb6 38. Kd5 c5 39. a4 a5
40. Ke5 c4 41. f6+ Ke8 42. Ke4 Ba7 43. e7 Bc5 44. Kd5 c3 0-1

[Event "Expo Milan Chess Move International"]
[Site "Milano ITA"]
[Date "2015.06.22"]
[Round "3"]
[White "Salvador, Roland"]
[Black "Ricciardi, Arcangelo"]
[WhiteElo "2440"]
[BlackElo "1786"]
[Result "1-0"]
[PlyCount "63"]
[EventDate "2015.06.20"]

1. Nf3 d5 2. b3 Bf5 3. Bb2 Nf6 4. c4 Nc6 5. cxd5 Nxd5 6. d3 Bg4 7. Nbd2 e5 8.
Nxe5 Nxe5 9. Bxe5 Qe7 10. Bb2 O-O-O 11. Nc4 Nb4 12. d4 Qe4 13. f3 Bxf3 14. Kf2
Bg4 15. Qd2 Nc2 16. e3 Qf5+ 17. Kg1 Bb4 18. Qf2 Nxa1 19. Bxa1 Qb1 20. Qb2 Qc2
21. Qxc2 Be6 22. a3 Be7 23. Bd3 Kb8 24. Kf2 Rhf8 25. Rc1 f5 26. Na5 Bd6 27.
Nxb7 Kxb7 28. Ba6+ Kb8 29. Qc6 Bc8 30. d5 Bxa6 31. Qxa6 Rd7 32. Rc6 1-0

[Event "Expo Milan Chess Move International"]
[Site "Milano ITA"]
[Date "2015.06.22"]
[Round "3"]
[White "Villalba, Fernando"]
[Black "Burani, Eugenio"]
[WhiteElo "1811"]
[BlackElo "1828"]
[Result "0-1"]
[PlyCount "46"]
[EventDate "2015.06.20"]

1. d4 Nf6 2. Nf3 c5 3. c3 b6 4. Bf4 Bb7 5. e3 g6 6. Be2 Bg7 7. Nbd2 d6 8. O-O
O-O 9. h3 Nbd7 10. Rc1 Re8 11. a4 Nf8 12. Bb5 N8d7 13. Re1 a6 14. Be2 e5 15.
dxe5 dxe5 16. Bg3 e4 17. Nh2 Ne5 18. Bxe5 Rxe5 19. Nc4 Qc7 20. Qc2 b5 21. axb5
axb5 22. Na3 c4 23. Rcd1 Qb6 0-1

[Event "Expo Milan Chess Move International"]
[Site "Milano ITA"]
[Date "2015.06.23"]
[Round "4"]
[White "Burani, Eugenio"]
[Black "Nicolo', Filippo"]
[WhiteElo "1828"]
[BlackElo "2023"]
[Result "0-1"]
[PlyCount "78"]
[EventDate "2015.06.20"]

1. e4 e6 2. d4 d5 3. e5 c5 4. c3 Qb6 5. Nf3 Nc6 6. a3 f6 7. Bd3 fxe5 8. dxe5
Nh6 9. b4 Nf7 10. Bf4 c4 11. Bc2 Be7 12. O-O Bd7 13. Re1 Qc7 14. Nbd2 O-O-O 15.
Ba4 g5 16. Bg3 h5 17. h3 Rdg8 18. Bxc6 Bxc6 19. Nd4 Bd7 20. a4 g4 21. hxg4 Rxg4
22. N2f3 Rhg8 23. Nh2 R4g5 24. Ndf3 R5g7 25. Qd4 Kb8 26. Kf1 Nh6 27. Bf4 Nf5
28. Qd2 Rxg2 29. Ke2 h4 30. Rg1 Qd8 31. a5 Be8 32. Rxg2 Rxg2 33. Kf1 h3 34. Ng1
Bh5 35. Nxh3 Qg8 36. Re1 Rxh2 37. Bxh2 Bf3 38. Nf4 Bg5 39. Bg3 Qh8 0-1

[Event "Expo Milan Chess Move International"]
[Site "Milano ITA"]
[Date "2015.06.23"]
[Round "4"]
[White "Carbone, Lorenzo"]
[Black "Ravagnani, Tiziano"]
[WhiteElo "1596"]
[BlackElo "1933"]
[Result "0-1"]
[PlyCount "96"]
[EventDate "2015.06.20"]

1. e4 c5 2. Nf3 d6 3. d4 cxd4 4. Nxd4 Nf6 5. Nc3 g6 6. Bc4 Bg7 7. h3 Nc6 8. Nf3
O-O 9. Be3 Bd7 10. Qd2 Na5 11. Bd3 b5 12. Bh6 Nc4 13. Bxc4 bxc4 14. Bxg7 Kxg7
15. e5 dxe5 16. Nxe5 Qc7 17. Nxd7 Rfd8 18. Qe2 Rxd7 19. O-O Rb8 20. Rab1 Qf4
21. Rfd1 Rdb7 22. b3 cxb3 23. cxb3 Rc8 24. Nd5 Qe4 25. Qa6 Rbb8 26. Nxf6 exf6
27. Re1 Qf5 28. Rbc1 Rxc1 29. Rxc1 Qf4 30. Rd1 Qc7 31. Qd6 Qc8 32. Qd7 Qa6 33.
Qd2 Re8 34. a4 Re2 35. Qd3 Qe6 36. Qd5 Qb6 37. Qf3 Rb2 38. Rd3 Qc7 39. g3 Qe5
40. Kg2 Rb1 41. Rd1 Rb2 42. Rd3 Qc5 43. Qe3 Qc2 44. Rc3 Qd1 45. Rd3 Qb1 46. Rd7
Qc2 47. Rd3 Rb1 48. Rd7 Qc6+ 0-1

[Event "Expo Milan Chess Move International"]
[Site "Milano ITA"]
[Date "2015.06.23"]
[Round "4"]
[White "D'Avino, Gianfranco"]
[Black "Zoldan, Matteo"]
[WhiteElo "2102"]
[BlackElo "2155"]
[Result "1/2-1/2"]
[PlyCount "92"]
[EventDate "2015.06.20"]

1. d4 Nf6 2. c4 g6 3. g3 Bg7 4. Bg2 O-O 5. Nc3 d6 6. Nf3 Nc6 7. O-O e5 8. d5
Ne7 9. c5 Ne8 10. cxd6 cxd6 11. e4 h6 12. Ne1 f5 13. Nd3 g5 14. exf5 Bxf5 15.
Nb4 Nf6 16. Nc2 Qd7 17. Ne3 Bg6 18. b3 Rac8 19. Qd2 b5 20. a3 Rc7 21. Bb2 Nf5
22. Bh3 Nd4 23. Bxd7 Nf3+ 24. Kg2 Nxd2 25. Be6+ Kh8 26. Nxb5 Rb7 27. Nxd6 Rxb3
28. Bxe5 Nxf1 29. Nxf1 Ne4 30. Bxg7+ Kxg7 31. Nxe4 Bxe4+ 32. Kg1 Rb2 33. Re1
Bd3 34. Ne3 Rfxf2 35. d6 Rfd2 36. Bd5 Bb5 37. d7 Bxd7 38. Nc4 Re2 39. Rf1 Bh3
40. Rf7+ Kg6 41. Nxb2 Re1+ 42. Kf2 Rf1+ 43. Ke3 Rxf7 44. Bxf7+ Kxf7 45. Kd4 Ke6
46. Nc4 Bf1 1/2-1/2

[Event "Expo Milan Chess Move International"]
[Site "Milano ITA"]
[Date "2015.06.23"]
[Round "4"]
[White "Radionov, Timur"]
[Black "Dadello, Aleksandra"]
[WhiteElo "1884"]
[BlackElo "2068"]
[Result "0-1"]
[PlyCount "46"]
[EventDate "2015.06.20"]

1. e4 e6 2. d4 d5 3. e5 c5 4. Nf3 Nc6 5. c3 Bd7 6. Be2 f6 7. exf6 Nxf6 8. O-O
Bd6 9. Re1 O-O 10. Bg5 Qb6 11. b3 Ne4 12. Be3 Rac8 13. Rf1 cxd4 14. cxd4 Nb4
15. Ne1 Qc7 16. f3 Bxh2+ 17. Kh1 Ng3+ 18. Kxh2 Nxf1+ 19. Kg1 Nxe3 20. Qd2 Nec2
21. a3 Nxa1 22. axb4 Nxb3 23. Qd3 Nc1 0-1

[Event "Expo Milan Chess Move International"]
[Site "Milano ITA"]
[Date "2015.06.23"]
[Round "4"]
[White "Ricciardi, Arcangelo"]
[Black "Costisanu, Romica"]
[WhiteElo "1786"]
[BlackElo "1427"]
[Result "1-0"]
[PlyCount "115"]
[EventDate "2015.06.20"]

1. e4 e5 2. Nf3 d6 3. d4 Bg4 4. dxe5 dxe5 5. Qxd8+ Kxd8 6. Nxe5 Bh5 7. Bc4 Ke8
8. Nd3 f6 9. Bf4 Bd6 10. Nc3 Nc6 11. Nb5 Ne5 12. Bxe5 fxe5 13. f4 a6 14. Nxd6+
cxd6 15. fxe5 b5 16. Bd5 Rd8 17. a4 Ne7 18. Bb7 bxa4 19. Bxa6 dxe5 20. Bb5+ Kf7
21. g4 Bg6 22. O-O+ Ke6 23. Nc5+ Kd6 24. Nb7+ Kc7 25. Nxd8 Rxd8 26. Rxa4 Rd2
27. Bd3 Nc6 28. Rc4 Kb6 29. b4 Nd4 30. Rc5 Ne2+ 31. Kh1 Nf4 32. Ra1 Nxd3 33.
cxd3 Rxd3 34. Re1 Rd4 35. Rxe5 Rxb4 36. Re7 Kc5 37. Kg1 Kd4 38. h4 Rb3 39. h5
Rg3+ 40. Kf2 Rxg4 41. hxg6 Rxg6 42. Rd1+ Kc3 43. Rc7+ Kb2 44. Rdd7 h5 45. Rxg7
Rxg7 46. Rxg7 Kc3 47. Ra7 Kd4 48. Kf3 Ke5 49. Ra5+ Kf6 50. Kf4 Kg6 51. Rg5+ Kf6
52. e5+ Ke6 53. Rg6+ Ke7 54. Kf5 Kf7 55. e6+ Ke7 56. Rg7+ Kf8 57. Kf6 Ke8 58.
Rg8# 1-0

[Event "Expo Milan Chess Move International"]
[Site "Milano ITA"]
[Date "2015.06.23"]
[Round "4"]
[White "Siraco, Maurizio"]
[Black "Salvador, Roland"]
[WhiteElo "2138"]
[BlackElo "2440"]
[Result "0-1"]
[PlyCount "74"]
[EventDate "2015.06.20"]

1. d4 Nf6 2. Bg5 d5 3. Bxf6 exf6 4. e3 c6 5. Bd3 Bd6 6. c3 O-O 7. Qc2 g6 8. h4
Nd7 9. g4 c5 10. h5 Kg7 11. Nd2 c4 12. Be2 b5 13. Ngf3 Re8 14. Nh4 Nb6 15. Bf3
b4 16. Kf1 Bd7 17. Re1 Qc8 18. Rg1 Qa6 19. Kg2 bxc3 20. bxc3 Ba4 21. Qc1 Bc6
22. Qc2 Qa5 23. Kf1 Na4 24. Nb1 Rab8 25. g5 Qd8 26. gxf6+ Qxf6 27. hxg6 hxg6
28. Nf5+ Kg8 29. Nxd6 Qxf3 30. Rg3 Qh1+ 31. Rg1 Qh3+ 32. Rg2 Re6 33. Nxc4 dxc4
34. e4 Bxe4 35. Rxe4 Rxe4 36. Qxe4 Qh1+ 37. Ke2 Rb2+ 0-1

[Event "Expo Milan Chess Move International"]
[Site "Milano ITA"]
[Date "2015.06.23"]
[Round "4"]
[White "Villalba, Fernando"]
[Black "Radionov, Deni"]
[WhiteElo "1811"]
[BlackElo "1461"]
[Result "1-0"]
[PlyCount "27"]
[EventDate "2015.06.20"]

1. d4 d5 2. Nf3 e6 3. Bf4 f5 4. e3 c6 5. c3 Nf6 6. Be2 Be7 7. Nbd2 O-O 8. h3
Nbd7 9. O-O Ne4 10. Rc1 g5 11. Bh2 Ndf6 12. Ne5 Nd7 13. c4 Nxd2 14. Qxd2 1-0

[Event "Expo Milan Chess Move International"]
[Site "Milano ITA"]
[Date "2015.06.24"]
[Round "5"]
[White "Carbone, Lorenzo"]
[Black "Radionov, Timur"]
[WhiteElo "1596"]
[BlackElo "1884"]
[Result "0-1"]
[PlyCount "120"]
[EventDate "2015.06.20"]

1. e4 e5 2. Nf3 Nc6 3. Bb5 a6 4. Ba4 Nf6 5. O-O Be7 6. Re1 b5 7. Bb3 d6 8. h3
O-O 9. c3 Na5 10. Bc2 c5 11. d4 Qc7 12. d5 c4 13. Nbd2 Ne8 14. Nf1 Bd7 15. Ng3
g6 16. a4 Ng7 17. Bh6 f6 18. Nh2 f5 19. exf5 gxf5 20. Bxg7 Kxg7 21. Qh5 e4 22.
Qe2 Kh8 23. Nh5 Be8 24. Nf4 Rg8 25. Qe3 Bf6 26. Ne6 Qb7 27. axb5 axb5 28. Qf4
Bg6 29. Qxd6 Ra6 30. Qc7 Qxd5 31. Nf4 Qa8 32. Rad1 Qc6 33. Qxc6 Nxc6 34. Nd5
Be5 35. Nf1 Ra2 36. Rb1 Rd8 37. Red1 Rb8 38. Nfe3 Bg7 39. b4 Ne5 40. Nc7 Nd3
41. Ra1 Rxa1 42. Rxa1 Bxc3 43. Ra7 Nxb4 44. Ne6 Nxc2 45. Nxc2 b4 46. Ne3 b3 47.
Nxc4 b2 48. Nxb2 Bxb2 49. Ra6 Be5 50. g3 Re8 51. h4 h6 52. Nf4 Bxf4 53. Rxg6
Bd2 54. Rf6 Re5 55. Kf1 Kg7 56. Rd6 Bb4 57. Rd7+ Be7 58. Ke2 Kf6 59. Ke3 Rb5
60. Rc7 Bc5+ 0-1

[Event "Expo Milan Chess Move International"]
[Site "Milano ITA"]
[Date "2015.06.24"]
[Round "5"]
[White "Costisanu, Romica"]
[Black "Villalba, Fernando"]
[WhiteElo "1427"]
[BlackElo "1811"]
[Result "0-1"]
[PlyCount "65"]
[EventDate "2015.06.20"]

1. e4 c5 2. c4 d6 3. a4 Nc6 4. Nc3 g6 5. Nf3 Bg7 6. Nd5 Nf6 7. Qc2 O-O 8. h3
Be6 9. Ra3 a5 10. Be2 Nb4 11. Nxb4 axb4 12. Rb3 Bd7 13. Re3 Bc6 14. d3 Nd7 15.
d4 Nb6 16. b3 Re8 17. O-O Bh6 18. Qd3 Bd7 19. e5 Bf5 20. Re4 Bxc1 21. Rxc1 d5
22. Nd2 dxe4 23. Qg3 Qxd4 24. Nf1 Qb2 25. Re1 Nd7 26. f4 exf3 27. Bxf3 Qxb3 28.
Ne3 Be6 29. Bxb7 Rxa4 30. Qg5 Qc3 31. Qg3 Qxe5 32. Qxe5 Nxe5 33. Bd5 0-1